000 00421nam a2200181Ia 4500
001 13928
005 20260306164837.0
008 260306t1992||||xx |||||||||||||| ||spa||
041 _aESP
082 _a005.73
_bE96
100 _aEvans, James R.
_eAUT
245 0 _aOptimization algorithms for networks and graphs
260 _c1992
300 _a
_c
650 _aGEN
654 _aCCC
942 _cLIB
_dJUS
_fJUS
_2ddc
_n
999 _c13928
_d13928